Popularny dodatek do pizzy - Statystyki

Ogólne statystyki
  • Ten quiz został rozwiązany 38 razy
  • Średni wynik to 4 z 8
Statystyki odpowiedzi
Hint Odpowiedź % Poprawnych
3. Ser
94%
5. Szynka
86%
2. Pieczarki
80%
1. Sos
74%
8. Papryka
49%
7. Rukola
20%
4. Ketchup
17%
6. Majonez
3%
Nie znaleziono quizów pasujących do podanych kryteriów
Rozkład punktacji
Procent ludzi z każdym wynikiem
Percentyl według liczby udzielonych odpowiedzi
Twoja historia wyników
Nie rozwiązałeś tego quizu